Statystyki dla Największe aglomeracje w Czechach

Kliknij tutaj aby rozwiązać quiz!

Ogólne statystyki

  • Ten quiz został rozwiązany 109 razy
  • Średni wynik to 4 z 7

Statystyki odpowiedzi

MiejsceMieszkańcyNazwa% Poprawnych
1.2 046 495Aglomeracja Praska
100%
3.617 270Aglomeracja Brneńska
90%
2.966 866Aglomeracja Ostrawska
85%
7.309 395Aglomeracja Pilzeńska
76%
5.451 886Aglomeracja Ołomuniecka
48%
6.335 118Aglomeracja Hradecko-Pardubicka
30%
4.521 577Aglomeracja Ustecko-Chomutowska
10%

Rozkład punktacji

Percentyl według liczby udzielonych odpowiedzi

Procent ludzi z każdym wynikiem

Twoja historia wyników

Nie rozwiązałeś tego quizu